000 00730nam a2200217 i 4500
001 89808
003 ES-MaACL
005 20230906180254.0
007 t|
008 050113s1967 sp ||||1| spa d
100 1 _aLaurentin, André.
_970641
245 1 0 _aLiturgia en construcción
_b: los gestos del celebrante /
_cpor André Laurentin ; presentación de M.D. Chenu.
260 _aMadrid :
_bMarova,
_c[1967]
300 _a179 p. ;
_c21 cm.
490 1 _aColección "Christus Pastor" ;
_v19
650 4 _aGestos litúrgicos.
_9163666
700 1 _aChenu, Marie-Dominique (
_d1895-1990)
_938350
830 0 _aColección "Christus Pastor" ;
_v19
_9231912
852 _aES-MaACL
_jC-33617
_bR.64599
999 _c89808
_d89808